000
00337nam a22001457a 4500
008
231004b ||||| |||| 00| 0 eng d
020
_a
0306432943
041
_a
eng
080
_a
521
082
_a
521PAR
100
_a
19
101
_a
ASTRO
245
_a
INVISIBLE MATTER AND THE FATE OF THE UNIVERSE
_c
PARKER .B
942
_2
udc
_c
BK
999
_c
60426
_d
60426